000 nam a22 a 4500
999 _c1040
_d1040
003 AKMAL
005 20170508111915.0
008 170508s1990 my 00 eng d
015 _aM91-1041
020 _a0415043867 (pbk.)
039 9 _a201010291752
_bhidayah
040 _aAKMAL
_cAKMAL
043 _aa-tu---
043 _aa-my---
049 0 0 _amalpma
082 0 4 _a297.19780 MEH
_222
090 0 0 _a297.19780
_bMEH
100 1 _aMehmet, Ozay
_92185
245 1 _aIslamic identity and development :
_bstudies of the Islamic periphery /
_cOzay Mehmet
250 _aPaperback edition
260 _aKuala Lumpur :
_bForum,
_c1990
300 _aix, 259p. ;
_c21cm.
500 _aIncludes index
504 _aBibliography: p.236-247
650 _aIslam and state
_zTurkey
_92186
650 _aIslam and state
_zMalaysia
_91538
650 _aIslam
_xEconomic aspects
_zMalaysia
_92187
650 _aIslam
_xEconomic aspects
_zTurkey
_92188
942 _2ddc
_cBOOK